Ein Eingeweidekasten aus der Sammlung Preuß im Ägyptischen Museum der Universität Bonn /

Saved in:

Main Author: Siffert, Uta (Author)

Format: Book

Language: German

Published: Berlin : EB-Verlag, [2015].

Series: Bonner Ägyptologische Beiträge ; 7.
BAB ; 7.

Subjects:

Tags: Add Tag

No Tags, Be the first to tag this record!

Call Number: DT57 .B66 v.7

LEADER 00997namaa2200313 4500
003 OSt
005 20260331141128.0
008 140131t20152015gw a b 001 0dger d
020 |a 9783868931884 
020 |a 3868931880  
040 |c ARCE Library 
043 |a f-ua--- 
050 4 |a DT57 .B66 v.7 
100 1 |a Siffert, Uta,   |e author  |9 40073 
245 1 0 |a Ein Eingeweidekasten aus der Sammlung Preuß im Ägyptischen Museum der Universität Bonn /  |c Uta Siffert. 
264 1 |a Berlin :  |b EB-Verlag,  |c [2015]. 
264 4 |c ©2015. 
300 |a 232 pages :  |b illustrations ;  |c 21 cm. 
490 1 |a Bonner Ägyptologische Beiträge ;  |v 7. 
490 1 |a BAB ;   |v 7. 
504 |a Includes bibliographical references and index. 
650 0 |a Canopic jars. 
650 0 |a Coffins  |z Egypt. 
650 0 |a Funeral rites and ceremonies   |z Egypt   |x History   |y To 1500. 
830 0 |a Bonner Ägyptologische Beiträge ;  |v 7. 
830 0 |a BAB ;   |v 7. 
901 |a reviewed 
942 |c BK  |2 lcc 
999 |c 2246  |d 2246